| 000 | 00427nam a22001457a 4500 | ||
|---|---|---|---|
| 005 | 20170322112101.0 | ||
| 008 | 160527b xxu||||| |||| 00| 0 eng d | ||
| 020 | _a9780199065103 | ||
| 040 | _cPK-LaUMT | ||
| 082 |
_a720.95491 _bKHU-M |
||
| 245 |
_aMuslim architecture in Pakistan : _baspects of public welfare / _cKhurshid Hasan Shaikh |
||
| 260 |
_aKarachi : _bOxford University Press, _c2015 |
||
| 300 | _a257 p. | ||
| 942 | _cBK | ||
| 999 |
_c86101 _d86101 |
||